01194nam a22002655a 450000500170000000800410001702000180005804000380007608200230011410000270013724500520016424600310021625000120024726000650025930000400032450001040036450000760046852101420054465000420068665100100072865300210073894200080075999900170076795201440078420160620134144.0160620s2014 ii a fr 000 0 eng d a9788123923710 aEG-ScBUEbengcEG-ScBUEdEG-ScBUE04a620.00151bSAR2221 aSarna, I. J. S.94027610aEngineering mathematics.nII /cI. J. S. Sarna.3 aEngineering mathematics-II a1st ed. aNew Delhi :bCBS Publishers & Distributors PVT. LTD.,c2014. a(Various pagings) :bill. ;c24 cm. aIn accordance with prescribed syllabus of AMIETE-ET/CS/IT (New Scheme) code : AE-56 / Ac-56 /AT-56. aIncluding over 500 problems with solutions completely solved in detail. aAlso for engineering , technology and applied sciences examinations of various Universities and engineering colleges of India and abroad. 72BUEsh93194aEngineering mathematics. 2BUEsh bENGGENcJune2016 2ddc c21931d21903 00102ddc40708BaccahaMAINbMAINc1STd2017-02-13ePurchaseg190.00h25845l0o620.00151 SARp000045420r2025-07-15 00:00:00v237.50yBB